| 000 | 00000nam 2200000zi 4500 |
| 001 | 9.881392 |
| 003 | CaOODSP |
| 005 | 20220616155258 |
| 006 | m o d f |
| 007 | cr cn||||||||| |
| 008 | 191030e202001 onca o f000 0 tgl d |
| 020 | |a9780660331003 |
| 040 | |aCaOODSP|beng|erda|cCaOODSP |
| 043 | |an-cn--- |
| 086 | 1 |aHP40-38/2018Tl-PDF |
| 086 | 1 |aHP40-38/2018Tgl-PDF |
| 245 | 00|aPatnubay sa pagbabakuna para sa mga magulang. |
| 264 | 1|aOttawa, ON : |bPublic Health Agency of Canada = Agence de la santé publique du Canada, |c2020. |
| 264 | 4|c©2020 |
| 300 | |a1 online resource (28 pages) : |bcolour illustrations |
| 336 | |atext|btxt|2rdacontent |
| 337 | |acomputer|bc|2rdamedia |
| 338 | |aonline resource|bcr|2rdacarrier |
| 500 | |aIssued also in English under title: A parent's guide to vaccination; and in French under title: Guide sur la vaccination à l'intention des parents. |
| 500 | |aOn cover: A Parent's Guide to Vaccination - Tagalog. |
| 500 | |a"Pub.: 190421." |
| 546 | |aText in Tagalog. |
| 650 | 0|aVaccination of children|zCanada. |
| 710 | 2 |aPublic Health Agency of Canada, |eissuing body. |
| 775 | 08|tA parent's guide to vaccination.|w(CaOODSP)9.856286 |
| 856 | 40|qPDF|s2.85 MB|uhttps://publications.gc.ca/collections/collection_2022/aspc-phac/HP40-38-2018-tgl.pdf |